000 00394nam a2200145Ia 4500
008 230917s9999||||xx |||||||||||||| ||und||
040 _e74629
_aMAIN
041 _aEnglish
082 _a658.8 C467S
100 _aChristopher, Martin
245 0 _aStrategy search: a guide to marketing for chief executives and directors
260 _aAldershot
_bGower
_c1987
300 _a183 p.
942 _cBK
999 _c61306
_d61306